Zvyšovanie kompetencií zamestnancov malých a stredných podnikov pomocou evzdelávania diplomová práca

Saved in:
Bibliographic Details
Main Author: Šlosárová, Veronika
Corporate Author: Fakulta podnikového manažmentu EU. Katedra informačného manažmentu
Other Authors: Töröková, Anikó, 1963-
Format: Book
Language:Slovak
Published: Bratislava 2017
Tags: Add Tag
No Tags, Be the first to tag this record!

MARC

LEADER 00000nbm a2200000 4500
001 0232372
005 20171108130845.8
041 0 |a slo 
044 |a SK 
245 1 0 |a Zvyšovanie kompetencií zamestnancov malých a stredných podnikov pomocou evzdelávania  |b diplomová práca  |c Veronika Šlosárová ; školiteľ: Anikó Töröková 
264 1 |a Bratislava  |c 2017 
300 |a 65 s. 
100 1 |a Šlosárová, Veronika 
700 1 |a Töröková, Anikó, 1963- 
710 2 |a Fakulta podnikového manažmentu EU. Katedra informačného manažmentu